[Event "España tch 1B 2012"]
[Site "Don Benito ESP"]
[Date "2012.08.02"]
[Round "4.34"]
[White "Garcia Del Moral Lopez, Joaquin"]
[Black "Renteria, Jorge"]
[Result "1/2-1/2"]
[WhiteElo "1887"]
[BlackElo "2326"]
[PlyCount "120"]
[EventDate "2012.07.30"]
[EventType "swiss"]
[EventRounds "9"]
[EventCountry "ESP"]
[Source "lmi"]
[SourceDate "2012.07.30"]

1. c4 Nf6 2. Nf3 g6 3. Nc3 Bg7 4. g3 O-O 5. Bg2 c6 6. O-O d5 7. cxd5 cxd5 8. d4
e6 9. e3 Nc6 10. b3 b6 11. Ba3 Re8 12. Nb5 Ba6 13. Nd6 Re7 14. Rc1 Bxf1 15.
Bxf1 Na5 16. Ba6 Rd7 17. Nb5 Ne8 18. Rc2 Nc7 19. Nxc7 Rxc7 20. Qc1 Rxc2 21.
Qxc2 Qd7 22. Qd3 Nc6 23. Qd2 Nb8 24. Bd3 a5 25. Qe2 Nc6 26. Bb5 Qc8 27. Bd6 Nb4
28. Qd2 Nc6 29. Qb2 Na7 30. Bd3 Qc6 31. Bf4 Rc8 32. Kg2 Qc3 33. Qe2 Nc6 34. Ba6
Ra8 35. Qb5 Rf8 36. Bd6 Rd8 37. Bc7 Nxd4 38. Qxb6 Nxf3 39. Bxd8 Ne1+ 40. Kf1
Nd3 41. Bxd3 Qxd3+ 42. Kg2 h5 43. Qxa5 Qe4+ 44. Kg1 d4 45. exd4 h4 46. Bxh4
Bxd4 47. Qd2 f6 48. g4 Qxg4+ 49. Bg3 e5 50. Kg2 Qc8 51. f3 f5 52. a3 Qc6 53. b4
Kg7 54. h4 Qc4 55. Be1 e4 56. fxe4 fxe4 57. Bf2 Bxf2 58. Kxf2 e3+ 59. Qxe3
Qxh4+ 60. Kg2 Qg4+ 1/2-1/2

[Event "España tch 1B 2012"]
[Site "Don Benito ESP"]
[Date "2012.08.03"]
[Round "5.11"]
[White "Espinosa Aranda, Angel"]
[Black "Anton Guijarro, David"]
[Result "1/2-1/2"]
[WhiteElo "2402"]
[BlackElo "2490"]
[PlyCount "118"]
[EventDate "2012.07.30"]
[EventType "swiss"]
[EventRounds "9"]
[EventCountry "ESP"]
[Source "lmi"]
[SourceDate "2012.07.30"]

1. e4 e6 2. d4 d5 3. exd5 exd5 4. Nf3 Nc6 5. h3 Bf5 6. Bd3 Qd7 7. Qe2+ Nge7 8.
Bxf5 Qxf5 9. Nc3 O-O-O 10. Be3 f6 11. O-O-O Ng6 12. Rhe1 Bb4 13. Qd3 Qxd3 14.
Rxd3 Rhe8 15. Bd2 Rxe1+ 16. Nxe1 Bxc3 17. Bxc3 Nf4 18. Re3 Kd7 19. Kd1 Ne6 20.
Nf3 g5 21. Bd2 Ne7 22. Re1 h5 23. c3 Rh8 24. Rh1 Nf5 25. Ke2 b6 26. Kd3 Nd6 27.
g3 Rb8 28. Be3 c6 29. b3 a5 30. Kc2 Ra8 31. Rd1 a4 32. Kb2 Nc7 33. Re1 Ncb5 34.
h4 gxh4 35. Nxh4 Ne4 36. c4 Nbd6 37. c5 bxc5 38. dxc5 Nb5 39. Nf5 axb3 40. axb3
Nbc3 41. b4 Nb5 42. f3 Nec3 43. Bd4 Ra2+ 44. Kb3 Ra3+ 45. Kc2 Ne2 46. Rxe2 Rxf3
47. Re7+ Kd8 48. Bxf6 Rxf5 49. Re6+ Kd7 50. Re7+ Kc8 51. Re8+ Kb7 52. Be5 Na3+
53. Kd3 Nc4 54. Bd6 Ka6 55. Rb8 Rf1 56. Kd4 Rd1+ 57. Kc3 Rc1+ 58. Kd4 Rd1+ 59.
Kc3 Rc1+ 1/2-1/2

[Event "España tch 1B 2012"]
[Site "Don Benito ESP"]
[Date "2012.08.03"]
[Round "5.12"]
[White "Almagro Llamas, Pablo"]
[Black "Jimenez Martinez, Jose Vicente"]
[Result "1-0"]
[WhiteElo "2465"]
[BlackElo "2285"]
[PlyCount "66"]
[EventDate "2012.07.30"]
[EventType "swiss"]
[EventRounds "9"]
[EventCountry "ESP"]
[Source "lmi"]
[SourceDate "2012.07.30"]

1. e4 d6 2. d4 g6 3. c4 Bg7 4. Nf3 Nf6 5. Nc3 O-O 6. Be2 e5 7. Be3 Ng4 8. Bg5
f6 9. Bh4 g5 10. Bg3 Nh6 11. dxe5 dxe5 12. Qd5+ Nf7 13. h4 c6 14. Qc5 Na6 15.
Qa3 h6 16. hxg5 hxg5 17. Nd2 Qb6 18. Bh5 Nh8 19. O-O-O Be6 20. Nf1 Rfd8 21. Ne3
Bf8 22. Qa4 Bc5 23. Ng4 Kg7 24. Qc2 Bxc4 25. Nxe5 Be6 26. Nd3 Bd4 27. e5 Bf5
28. Qe2 Nc5 29. Nxc5 Qxc5 30. Rxd4 Rxd4 31. Qf3 Rd3 32. Qxf5 Rxc3+ 33. Kb1 Rxg3
1-0

[Event "España tch 1B 2012"]
[Site "Don Benito ESP"]
[Date "2012.08.03"]
[Round "5.13"]
[White "Ramirez Diaz, Jose Ramon"]
[Black "Rubio Mejia, Luis Ignacio"]
[Result "0-1"]
[WhiteElo "2151"]
[BlackElo "2428"]
[PlyCount "80"]
[EventDate "2012.07.30"]
[EventType "swiss"]
[EventRounds "9"]
[EventCountry "ESP"]
[Source "lmi"]
[SourceDate "2012.07.30"]

1. e4 c5 2. Nc3 d6 3. g3 Nc6 4. Bg2 g6 5. d3 Bg7 6. Be3 Rb8 7. Qd2 b5 8. Nge2
b4 9. Nd1 Nd4 10. O-O e6 11. Nc1 Ne7 12. c3 bxc3 13. bxc3 Ndc6 14. Bh6 O-O 15.
Bxg7 Kxg7 16. Ne3 e5 17. f4 f6 18. Rf2 Qb6 19. Nb3 Be6 20. fxe5 fxe5 21. Raf1
Ng8 22. Nd5 Bxd5 23. exd5 Na5 24. Nc1 c4 25. d4 exd4 26. cxd4 Rxf2 27. Qxf2 c3
28. Bh3 Nc4 29. Be6 Qc7 30. Qe1 Nd2 31. Rf4 Rf8 32. Qf2 Rxf4 33. Qxf4 Nf6 34.
g4 h6 35. h4 Qe7 36. Kf2 g5 37. hxg5 Nde4+ 38. Ke3 Nxg5 39. Kd3 Nxe6 40. dxe6
Qd8 0-1

[Event "España tch 1B 2012"]
[Site "Don Benito ESP"]
[Date "2012.08.03"]
[Round "5.21"]
[White "Mate Adan, Carlos"]
[Black "Moreno Trujillo, Alejandro"]
[Result "0-1"]
[WhiteElo "2276"]
[BlackElo "2500"]
[PlyCount "184"]
[EventDate "2012.07.30"]
[EventType "swiss"]
[EventRounds "9"]
[EventCountry "ESP"]
[Source "lmi"]
[SourceDate "2012.07.30"]

1. e4 e6 2. d4 d5 3. Nc3 Bb4 4. e5 c5 5. Bd2 Ne7 6. a3 Bxc3 7. Bxc3 Nbc6 8. Nf3
cxd4 9. Nxd4 Nxe5 10. Nxe6 Bxe6 11. Bxe5 O-O 12. Bd3 Nc6 13. Bg3 Qf6 14. Rb1
Bf5 15. O-O Rfe8 16. Bxf5 Qxf5 17. Qd2 d4 18. Rfe1 h6 19. f3 Qb5 20. Qd3 Rxe1+
21. Bxe1 Qxd3 22. cxd3 Re8 23. Kf1 Re3 24. Rd1 f5 25. f4 Kf7 26. Bf2 Re7 27.
Rc1 Rd7 28. Rc5 Ke6 29. Ke2 a6 30. Kf3 g6 31. h3 Kd6 32. Rc1 Ke6 33. Rc4 Kd5
34. Rc1 Re7 35. g4 Rf7 36. b4 b6 37. gxf5 Rxf5 38. Kg4 h5+ 39. Kg3 g5 40. fxg5
Ne5 41. Rd1 h4+ 42. Kg2 Rxg5+ 43. Kf1 Rf5 44. Kg2 Ng6 45. Be1 Nf4+ 46. Kh2 Re5
47. Bxh4 Re3 48. Bg3 Nxd3 49. h4 Ke4 50. Rf1 Ne5 51. h5 d3 52. Bxe5 Kxe5 53. h6
Kd4 54. h7 Re8 55. Rf7 d2 56. Kg3 Kc3 57. Rd7 Rh8 58. Rc7+ Kb3 59. Rd7 Rxh7 60.
Rxd2 Kxa3 61. Rd6 Rb7 62. Rd4 Rc7 63. Rd6 Rb7 64. Rd4 Ka4 65. Kf3 Re7 66. Kf2
Kb5 67. Rh4 Rc7 68. Ke2 Rc4 69. Rh6 Rxb4 70. Kd3 a5 71. Kc3 Rc4+ 72. Kb3 a4+
73. Ka3 Rc3+ 74. Kb2 Rg3 75. Rh5+ Kb4 76. Rh4+ Ka5 77. Rf4 b5 78. Rh4 Rg2+ 79.
Kb1 a3 80. Rf4 b4 81. Rf5+ Ka4 82. Rf4 Rg3 83. Rh4 Kb3 84. Rh1 Rc3 85. Rg1 Rd3
86. Rh1 Kc4 87. Rc1+ Rc3 88. Rh1 b3 89. Rh4+ Kb5 90. Rh5+ Kb4 91. Rh4+ Rc4 92.
Rh1 a2+ 0-1

[Event "España tch 1B 2012"]
[Site "Don Benito ESP"]
[Date "2012.08.03"]
[Round "5.23"]
[White "Revilla Rio, Francisco"]
[Black "Bolado Saez, Sergio"]
[Result "0-1"]
[WhiteElo "2127"]
[BlackElo "2386"]
[PlyCount "78"]
[EventDate "2012.07.30"]
[EventType "swiss"]
[EventRounds "9"]
[EventCountry "ESP"]
[Source "lmi"]
[SourceDate "2012.07.30"]

1. b3 d5 2. Bb2 Bf5 3. Nf3 e6 4. g3 Nd7 5. Bg2 Ngf6 6. O-O c6 7. d3 Qc7 8. Nbd2
Be7 9. Re1 O-O-O 10. c4 h5 11. h4 Ng4 12. cxd5 exd5 13. Rc1 Ndf6 14. Bd4 Ba3
15. Rc2 Kb8 16. Qb1 Qe7 17. b4 Bxb4 18. Qb3 c5 19. Rb1 Rc8 20. Bxf6 Nxf6 21.
Rcb2 Rc7 22. Nd4 Be6 23. Nxe6 fxe6 24. Nf3 Ng4 25. Ng5 Ba5 26. e4 c4 27. Qa4 c3
28. Rc2 Bb6 29. exd5 exd5 30. d4 Rc4 31. Qb3 Rxd4 32. Nf3 Rd3 33. Qb5 Qe4 34.
Ne1 Rxg3 35. Re2 Qg6 36. Kh1 Rxg2 37. Nxg2 c2 38. Rbe1 Nxf2+ 39. Kg1 Ne4+ 0-1

[Event "España tch 1B 2012"]
[Site "Don Benito ESP"]
[Date "2012.08.03"]
[Round "5.24"]
[White "Renteria, Jorge"]
[Black "San Emeterio Rubio, Jose"]
[Result "1-0"]
[WhiteElo "2326"]
[BlackElo "2062"]
[PlyCount "64"]
[EventDate "2012.07.30"]
[EventType "swiss"]
[EventRounds "9"]
[EventCountry "ESP"]
[Source "lmi"]
[SourceDate "2012.07.30"]

1. e4 Nf6 2. e5 Nd5 3. c4 Nb6 4. d4 d6 5. exd6 exd6 6. Bd3 Be7 7. Ne2 Bg4 8. f3
Bh4+ 9. g3 Bxf3 10. O-O Bxe2 11. Qxe2+ Be7 12. Nc3 O-O 13. Qe4 g6 14. Bh6 Nc6
15. Bxf8 Bxf8 16. Qf4 Qd7 17. Ne4 Bg7 18. Nf6+ Bxf6 19. Qxf6 Re8 20. Rae1 Re6
21. Rxe6 Qxe6 22. Qxe6 fxe6 23. c5 Nc8 24. Rf4 d5 25. Bb5 Nd8 26. Bd7 Ne7 27.
Kf2 Kg7 28. Ke3 Nf5+ 29. Kd3 Kf6 30. g4 Ke7 31. gxf5 Kxd7 32. fxg6 Ke8 1-0

[Event "España tch 1B 2012"]
[Site "Don Benito ESP"]
[Date "2012.08.03"]
[Round "5.32"]
[White "Mirzoev, Azer"]
[Black "Magem Badals, Jordi"]
[Result "1/2-1/2"]
[WhiteElo "2545"]
[BlackElo "2554"]
[PlyCount "86"]
[EventDate "2012.07.30"]
[EventType "swiss"]
[EventRounds "9"]
[EventCountry "ESP"]
[Source "lmi"]
[SourceDate "2012.07.30"]

1. d4 d5 2. Nf3 Nf6 3. c4 dxc4 4. Qa4+ Nc6 5. e3 Nd5 6. Qxc4 Nb6 7. Qb3 g6 8.
Nc3 Bg7 9. Be2 O-O 10. O-O Be6 11. Qd1 a5 12. b3 Nb4 13. Bb2 a4 14. Nxa4 Nxa4
15. bxa4 Qd7 16. a3 Nd5 17. Ng5 Nb6 18. Nxe6 Qxe6 19. Rb1 Nxa4 20. Ba1 Nb6 21.
Qc1 Qd6 22. Rb3 Ra7 23. Rd1 Rfa8 24. Rdd3 Nd5 25. g3 c6 26. Bb2 f5 27. Rd1 e6
28. Qc2 Bf8 29. h4 Qd7 30. Rb1 Bd6 31. h5 Qf7 32. hxg6 hxg6 33. e4 fxe4 34.
Qxe4 Qf5 35. Bd3 Qxe4 36. Bxe4 Kg7 37. a4 Rb8 38. Bc1 b5 39. axb5 Rxb5 40. Kg2
Rab7 41. Rxb5 cxb5 42. Ra1 Be7 43. Bc2 Bf6 1/2-1/2

[Event "España tch 1B 2012"]
[Site "Don Benito ESP"]
[Date "2012.08.03"]
[Round "5.33"]
[White "Alonso Rosell, Alvar"]
[Black "Llanes Hurtado, Miguel"]
[Result "1-0"]
[WhiteElo "2502"]
[BlackElo "2483"]
[PlyCount "133"]
[EventDate "2012.07.30"]
[EventType "swiss"]
[EventRounds "9"]
[EventCountry "ESP"]
[Source "lmi"]
[SourceDate "2012.07.30"]

1. d4 f5 2. Nc3 d5 3. Bf4 a6 4. Nf3 Nf6 5. e3 e6 6. Bd3 c5 7. dxc5 Bxc5 8. O-O
Nc6 9. Ne2 Bd6 10. Bxd6 Qxd6 11. c4 O-O 12. cxd5 Nxd5 13. Bc4 Rd8 14. Rc1 Nb6
15. Qxd6 Rxd6 16. Bb3 Na5 17. Rfd1 Rxd1+ 18. Bxd1 Bd7 19. Ne5 Rc8 20. Rxc8+
Bxc8 21. Nd4 Nd7 22. Nd3 Nb8 23. Bf3 Kf8 24. g4 Ke7 25. Nf4 Kd6 26. Nh5 g6 27.
Nf6 e5 28. Nc2 fxg4 29. Nxg4 Nc4 30. Nf6 h5 31. b3 Nd2 32. Ne4+ Nxe4 33. Bxe4
Bf5 34. Bxf5 gxf5 35. Kg2 Kd5 36. f3 f4 37. Nb4+ Ke6 38. exf4 exf4 39. Kh3 Nd7
40. Nd3 Kf5 41. Kh4 Nf6 42. Nc5 b6 43. Nxa6 Nh7 44. Kh3 Ng5+ 45. Kg2 Ke5 46.
Nc7 Kd4 47. a4 h4 48. b4 Kc4 49. a5 bxa5 50. bxa5 Kc5 51. a6 Kb6 52. Nd5+ Kxa6
53. Nxf4 Kb5 54. Ng6 h3+ 55. Kg3 Kc5 56. f4 Ne4+ 57. Kxh3 Kd5 58. f5 Nd6 59.
Kg4 Ke4 60. Ne7 Nf7 61. Kh5 Kf4 62. Kg6 Ne5+ 63. Kg7 Kg4 64. f6 Kh3 65. Ng6 Nf3
66. f7 Ng5 67. Nf4+ 1-0

[Event "España tch 1B 2012"]
[Site "Don Benito ESP"]
[Date "2012.08.03"]
[Round "5.34"]
[White "Fernandez Romero, Ernesto"]
[Black "Lopez Martinez, Josep Manuel"]
[Result "0-1"]
[WhiteElo "2472"]
[BlackElo "2509"]
[PlyCount "56"]
[EventDate "2012.07.30"]
[EventType "swiss"]
[EventRounds "9"]
[EventCountry "ESP"]
[Source "lmi"]
[SourceDate "2012.07.30"]

1. e4 c5 2. Nf3 e6 3. d4 cxd4 4. Nxd4 a6 5. Nc3 b5 6. Bd3 Qb6 7. Nf3 Qc7 8. O-O
Bb7 9. Re1 Be7 10. a4 b4 11. Na2 Nc6 12. Bd2 Nf6 13. c3 bxc3 14. Bxc3 O-O 15.
Rc1 Qb6 16. b4 d5 17. Nd2 dxe4 18. a5 Qd8 19. Nxe4 Nd5 20. Qd2 Rc8 21. Qb2 Nxc3
22. Rxc3 Qd4 23. Rb3 Rfd8 24. Bf1 h6 25. Qb1 Ne5 26. Nc5 Bd5 27. Rd1 Qf4 28.
Nd3 Bf8 0-1